00442nam a2200133Ia 4500008004100000020001800041041000800059082001700067100002100084245013500105250000600240260004900246300001300295210716s2014 xx 000 0 und d a9780124045767 aeng a005.768 BERJ aBerman, Jules J. aPrinciples of big data: preparing sharing and analyzing complex information.bPreparing sharing and analyzing complex information. a1 aNew DelhibReed Elsevier India Pvt Ltdc2014 axxvi,261